Translations from the Night, ed with tr by John Reed and Clive Wake (Record no. 411789)

MARC details
000 -LEADER
fixed length control field 00754nam a2200253Ia 4500
003 - CONTROL NUMBER IDENTIFIER
control field OSt
005 - DATE AND TIME OF LATEST TRANSACTION
control field 20220924122459.0
008 - FIXED-LENGTH DATA ELEMENTS--GENERAL INFORMATION
fixed length control field 220923b |||||||| |||| 00| 0 fre d
037 ## - SOURCE OF ACQUISITION
Terms of availability Textual
040 ## - CATALOGING SOURCE
Original cataloging agency ARTS
Transcribing agency ARTS
Language of cataloging fre
041 ## - LANGUAGE CODE
Source of code fre
Language code of text/sound track or separate title fre
100 ## - MAIN ENTRY--PERSONAL NAME
Personal name Rabearivelo Jean-Joseph
9 (RLIN) 189627
245 #0 - TITLE STATEMENT
Title Translations from the Night, ed with tr by John Reed and Clive Wake
260 ## - PUBLICATION, DISTRIBUTION, ETC.
Place of publication, distribution, etc. London
Name of publisher, distributor, etc. Heinemann
Date of publication, distribution, etc. 1975
300 ## - PHYSICAL DESCRIPTION
Extent 72p.
Dimensions cm.
490 ## - SERIES STATEMENT
Series statement African writers series; 167
650 ## - SUBJECT ADDED ENTRY--TOPICAL TERM
Topical term or geographic name entry element ENGLISH LITERATURE
942 ## - ADDED ENTRY ELEMENTS (KOHA)
Classification part O122,1N01x, 111L5-;1
Koha item type Textual
Source of classification or shelving scheme Colon Classification (CC)
Holdings
Withdrawn status Lost status Damaged status Not for loan Home library Current library Date acquired Total Checkouts Full call number Barcode Date last seen Price effective from Koha item type
        Arts Library Arts Library 2022-09-24   O122,1N01x 111L5-;1 AL0352231 2022-09-24 2022-09-24 Textual
Copyright @ Delhi University Library System